ARRUPE JESUIT UNIVERSITY

CORONAVIRUS -STOP THE SPREAD - CLEAN,DISINFECT,COVER
Normal view MARC view

Entry Topical Term

Number of records used in: 1

001 - CONTROL NUMBER

  • control field: 52665

003 - CONTROL NUMBER IDENTIFIER

  • control field: ARRUPE

005 - DATE AND TIME OF LATEST TRANSACTION

  • control field: 20240423121344.0

008 - FIXED-LENGTH DATA ELEMENTS

  • fixed length control field: 240423|| aca||aabn | a|a d

040 ## - CATALOGING SOURCE

  • Original cataloging agency: ARRUPE
  • Transcribing agency: ARRUPE

150 ## - HEADING--TOPICAL TERM

  • General subdivision: legislative bodies

670 ## - SOURCE DATA FOUND

  • Source citation: Work cat.: (ARRUPE)131870: Copeland. Gary W, 52663, Parliaments in the modern world;, 1994

 

Arrupe Library. PO Box MP320 Mt Pleasant, Harare, Zimbabwe
263 242 745411|librarian@aju.ac.zw